00476cam a2200157 4500001000900000008004100009035001300050245007700063250001200140260004100152300002500193504002100218650002500239650003100264700002300295IQ000628 1943 eng  aIQ00062800aPhysical constants of the principal hydrocarbons /ccomp. by M. P. Doss. a4a. ed. aNew York :bThe Texas Company,c1943 aix, 215 p. ;c22 cm. aIncluye apendice 4aQuimica xTecnologia 4aHidrocarburos xConstantes1 aDoss, M. P., comp.